<?xml version="1.0" encoding="UTF-8"?>
<record
    xmlns:xsi="http://www.w3.org/2001/XMLSchema-instance"
    xsi:schemaLocation="http://www.loc.gov/MARC21/slim http://www.loc.gov/standards/marcxml/schema/MARC21slim.xsd"
    xmlns="http://www.loc.gov/MARC21/slim">

  <leader>02260    a2200253   4500</leader>
  <controlfield tag="003">NALT</controlfield>
  <controlfield tag="005">20260126112956.0</controlfield>
  <controlfield tag="008">220825b        th ||||| |||| 00| 0 tha d</controlfield>
  <datafield tag="020" ind1=" " ind2=" ">
    <subfield code="a">9786165810555</subfield>
  </datafield>
  <datafield tag="040" ind1=" " ind2=" ">
    <subfield code="a">NALT</subfield>
  </datafield>
  <datafield tag="090" ind1=" " ind2=" ">
    <subfield code="a">KS 33</subfield>
    <subfield code="b">&#xE01;391&#xE01; 2564</subfield>
  </datafield>
  <datafield tag="100" ind1="0" ind2=" ">
    <subfield code="a">&#xE01;&#xE31;&#xE19;&#xE22;&#xE4C;&#xE01;&#xE31;&#xE0D;&#xE0D;&#xE32; &#xE43;&#xE08;&#xE01;&#xE32;&#xE23;&#xE27;&#xE07;&#xE04;&#xE4C;&#xE2A;&#xE01;&#xE38;&#xE25;</subfield>
    <subfield code="9">58838</subfield>
  </datafield>
  <datafield tag="245" ind1="1" ind2="0">
    <subfield code="a">&#xE01;&#xE0E;&#xE2B;&#xE21;&#xE32;&#xE22;&#xE41;&#xE1E;&#xE48;&#xE07; &#xE2B;&#xE25;&#xE31;&#xE01;&#xE17;&#xE31;&#xE48;&#xE27;&#xE44;&#xE1B; =</subfield>
    <subfield code="b">Civil law : general principles /</subfield>
    <subfield code="c">&#xE01;&#xE31;&#xE19;&#xE22;&#xE4C;&#xE01;&#xE31;&#xE0D;&#xE0D;&#xE32; &#xE43;&#xE08;&#xE01;&#xE32;&#xE23;&#xE27;&#xE07;&#xE04;&#xE4C;&#xE2A;&#xE01;&#xE38;&#xE25;.</subfield>
  </datafield>
  <datafield tag="246" ind1="3" ind2="1">
    <subfield code="a">Civil law : </subfield>
    <subfield code="b">general principles.</subfield>
  </datafield>
  <datafield tag="250" ind1=" " ind2=" ">
    <subfield code="a">&#xE1E;&#xE34;&#xE21;&#xE1E;&#xE4C;&#xE04;&#xE23;&#xE31;&#xE49;&#xE07;&#xE17;&#xE35;&#xE48; 2 &#xE41;&#xE01;&#xE49;&#xE44;&#xE02;&#xE40;&#xE1E;&#xE34;&#xE48;&#xE21;&#xE40;&#xE15;&#xE34;&#xE21;.</subfield>
  </datafield>
  <datafield tag="260" ind1=" " ind2=" ">
    <subfield code="a">&#xE01;&#xE23;&#xE38;&#xE07;&#xE40;&#xE17;&#xE1E;&#xE2F; :</subfield>
    <subfield code="b">&#xE27;&#xE34;&#xE0D;&#xE0D;&#xE39;&#xE0A;&#xE19;,</subfield>
    <subfield code="c">2564.</subfield>
  </datafield>
  <datafield tag="300" ind1=" " ind2=" ">
    <subfield code="a">223 &#xE2B;&#xE19;&#xE49;&#xE32; :</subfield>
    <subfield code="c">26 &#xE0B;&#xE21;.</subfield>
  </datafield>
  <datafield tag="505" ind1="3" ind2=" ">
    <subfield code="a">&#xE1A;&#xE17;&#xE17;&#xE35;&#xE48; 1 &#xE04;&#xE27;&#xE32;&#xE21;&#xE2B;&#xE21;&#xE32;&#xE22; &#xE25;&#xE31;&#xE01;&#xE29;&#xE13;&#xE30; &#xE41;&#xE25;&#xE30;&#xE27;&#xE34;&#xE27;&#xE31;&#xE12;&#xE19;&#xE32;&#xE01;&#xE32;&#xE23;&#xE02;&#xE2D;&#xE07;&#xE01;&#xE0E;&#xE2B;&#xE21;&#xE32;&#xE22; -- &#xE1A;&#xE17;&#xE17;&#xE35;&#xE48; 2 &#xE17;&#xE35;&#xE48;&#xE21;&#xE32;&#xE02;&#xE2D;&#xE07;&#xE01;&#xE0E;&#xE2B;&#xE21;&#xE32;&#xE22; -- &#xE1A;&#xE17;&#xE17;&#xE35;&#xE48; 3 &#xE2A;&#xE33;&#xE19;&#xE31;&#xE01;&#xE04;&#xE27;&#xE32;&#xE21;&#xE04;&#xE34;&#xE14;&#xE17;&#xE32;&#xE07;&#xE01;&#xE0E;&#xE2B;&#xE21;&#xE32;&#xE22; -- &#xE1A;&#xE17;&#xE17;&#xE35;&#xE48; 4 &#xE23;&#xE30;&#xE1A;&#xE1A;&#xE01;&#xE0E;&#xE2B;&#xE21;&#xE32;&#xE22; &#xE1B;&#xE23;&#xE30;&#xE40;&#xE20;&#xE17;&#xE02;&#xE2D;&#xE07;&#xE01;&#xE0E;&#xE2B;&#xE21;&#xE32;&#xE22; &#xE41;&#xE25;&#xE30;&#xE28;&#xE31;&#xE01;&#xE14;&#xE34;&#xE4C;&#xE2B;&#xE23;&#xE37;&#xE2D;&#xE25;&#xE33;&#xE14;&#xE31;&#xE1A;&#xE0A;&#xE31;&#xE49;&#xE19;&#xE41;&#xE2B;&#xE48;&#xE07;&#xE01;&#xE0E;&#xE2B;&#xE21;&#xE32;&#xE22; -- &#xE1A;&#xE17;&#xE17;&#xE35;&#xE48; 5 &#xE01;&#xE32;&#xE23;&#xE43;&#xE0A;&#xE49;&#xE01;&#xE0E;&#xE2B;&#xE21;&#xE32;&#xE22; &#xE01;&#xE32;&#xE23;&#xE22;&#xE01;&#xE40;&#xE25;&#xE34;&#xE01; &#xE41;&#xE25;&#xE30;&#xE01;&#xE32;&#xE23;&#xE15;&#xE35;&#xE04;&#xE27;&#xE32;&#xE21;&#xE01;&#xE0E;&#xE2B;&#xE21;&#xE32;&#xE22; -- &#xE1A;&#xE17;&#xE17;&#xE35;&#xE48; 6 &#xE01;&#xE32;&#xE23;&#xE2D;&#xE38;&#xE14;&#xE0A;&#xE48;&#xE2D;&#xE07;&#xE27;&#xE48;&#xE32;&#xE07;&#xE02;&#xE2D;&#xE07;&#xE01;&#xE0E;&#xE2B;&#xE21;&#xE32;&#xE22; -- &#xE1A;&#xE17;&#xE17;&#xE35;&#xE48; 7 &#xE2A;&#xE34;&#xE17;&#xE18;&#xE34;&#xE41;&#xE25;&#xE30;&#xE01;&#xE32;&#xE23;&#xE43;&#xE0A;&#xE49;&#xE2A;&#xE34;&#xE17;&#xE18;&#xE34; -- &#xE1A;&#xE17;&#xE17;&#xE35;&#xE48; 8 &#xE1C;&#xE39;&#xE49;&#xE17;&#xE23;&#xE07;&#xE2A;&#xE34;&#xE17;&#xE18;&#xE34; -- &#xE1A;&#xE17;&#xE17;&#xE35;&#xE48; 9 &#xE2B;&#xE25;&#xE31;&#xE01;&#xE2A;&#xE38;&#xE08;&#xE23;&#xE34;&#xE15; -- &#xE1A;&#xE17;&#xE17;&#xE35;&#xE48; 10 &#xE14;&#xE2D;&#xE01;&#xE40;&#xE1A;&#xE35;&#xE49;&#xE22; -- &#xE1A;&#xE17;&#xE17;&#xE35;&#xE48; 11 &#xE40;&#xE2B;&#xE15;&#xE38;&#xE2A;&#xE38;&#xE14;&#xE27;&#xE34;&#xE2A;&#xE31;&#xE22; -- &#xE1A;&#xE17;&#xE17;&#xE35;&#xE48; 12 &#xE25;&#xE32;&#xE22;&#xE21;&#xE37;&#xE2D;&#xE0A;&#xE37;&#xE48;&#xE2D; --&#xE1A;&#xE17;&#xE17;&#xE35;&#xE48; 13 &#xE01;&#xE32;&#xE23;&#xE15;&#xE35;&#xE04;&#xE27;&#xE32;&#xE21;&#xE40;&#xE2D;&#xE01;&#xE2A;&#xE32;&#xE23;.</subfield>
  </datafield>
  <datafield tag="650" ind1=" " ind2="4">
    <subfield code="9">1646</subfield>
    <subfield code="a">&#xE01;&#xE0E;&#xE2B;&#xE21;&#xE32;&#xE22;&#xE41;&#xE1E;&#xE48;&#xE07;</subfield>
  </datafield>
  <datafield tag="650" ind1=" " ind2="4">
    <subfield code="9">57378</subfield>
    <subfield code="a">&#xE01;&#xE0E;&#xE2B;&#xE21;&#xE32;&#xE22; </subfield>
    <subfield code="x">&#xE1B;&#xE23;&#xE30;&#xE27;&#xE31;&#xE15;&#xE34;</subfield>
  </datafield>
  <datafield tag="850" ind1=" " ind2=" ">
    <subfield code="a">NALT</subfield>
  </datafield>
  <datafield tag="942" ind1=" " ind2=" ">
    <subfield code="2">local</subfield>
    <subfield code="c">LB</subfield>
  </datafield>
  <datafield tag="998" ind1=" " ind2=" ">
    <subfield code="c">103</subfield>
    <subfield code="j">8</subfield>
    <subfield code="k"> &#xE19;&#xE32;&#xE22;&#xE1A;&#xE31;&#xE13;&#xE11;&#xE34;&#xE15;  &#xE2D;&#xE38;&#xE17;&#xE32;&#xE27;&#xE07;&#xE04;&#xE4C;</subfield>
  </datafield>
  <datafield tag="999" ind1=" " ind2=" ">
    <subfield code="c">100548</subfield>
    <subfield code="d">100548</subfield>
  </datafield>
  <datafield tag="952" ind1=" " ind2=" ">
    <subfield code="0">0</subfield>
    <subfield code="1">0</subfield>
    <subfield code="2">local</subfield>
    <subfield code="4">0</subfield>
    <subfield code="7">0</subfield>
    <subfield code="8">CLAW</subfield>
    <subfield code="a">NALT</subfield>
    <subfield code="b">NALT</subfield>
    <subfield code="c">LAW</subfield>
    <subfield code="d">2022-08-18</subfield>
    <subfield code="e">23</subfield>
    <subfield code="l">2</subfield>
    <subfield code="m">1</subfield>
    <subfield code="o">KS 33 &#xE01;391&#xE01; 2564</subfield>
    <subfield code="p">3961213062</subfield>
    <subfield code="r">2026-02-02 00:00:00</subfield>
    <subfield code="s">2026-01-26</subfield>
    <subfield code="t">&#xE09;.2</subfield>
    <subfield code="w">2022-08-18</subfield>
    <subfield code="y">LB</subfield>
  </datafield>
  <datafield tag="952" ind1=" " ind2=" ">
    <subfield code="0">0</subfield>
    <subfield code="1">0</subfield>
    <subfield code="2">local</subfield>
    <subfield code="4">0</subfield>
    <subfield code="7">0</subfield>
    <subfield code="8">CLAW</subfield>
    <subfield code="a">NALT</subfield>
    <subfield code="b">NALT</subfield>
    <subfield code="c">LAW</subfield>
    <subfield code="d">2022-08-18</subfield>
    <subfield code="e">23</subfield>
    <subfield code="l">3</subfield>
    <subfield code="m">2</subfield>
    <subfield code="o">KS 33 &#xE01;391&#xE01; 2564</subfield>
    <subfield code="p">3961213061</subfield>
    <subfield code="r">2026-02-06 00:00:00</subfield>
    <subfield code="s">2026-01-23</subfield>
    <subfield code="t">&#xE09;.1</subfield>
    <subfield code="w">2022-08-18</subfield>
    <subfield code="y">LB</subfield>
  </datafield>
</record>
